Ancient civilizations of Mexico and Central America (Record no. 9359)

MARC details
000 -CABECERA
campo de control de longitud fija 00870nam a2200265 a 4500
001 - NÚMERO DE CONTROL
campo de control BRL_547
005 - FECHA Y HORA DE LA ÚLTIMA TRANSACCIÓN
campo de control 20190320210809.0
008 - DATOS DE LONGITUD FIJA--INFORMACIÓN GENERAL
campo de control de longitud fija 020913s1943----nyua######---#000-0#eng-#
041 ## - CÓDIGO DE LENGUA
Código de lengua del texto/banda sonora o título independiente eng
044 ## - CÓDIGO DEL PAÍS DE LA ENTIDAD EDITORA/PRODUCTORA
Código MARC del país nya
050 #4 - SIGNATURA TOPOGRÁFICA DE LA BIBLIOTECA DEL CONGRESO
Número de clasificación F1219
Número de documento/Ítem .S65 1943
100 1# - ENTRADA PRINCIPAL--NOMBRE DE PERSONA
Nombre de persona Spinden, Herbert Joseph
Fechas asociadas al nombre 1879-1967
9 (RLIN) 24261
245 10 - MENCIÓN DE TÍTULO
Título Ancient civilizations of Mexico and Central America
Mención de responsabilidad, etc. Herbert J. Spinden.
260 ## - PUBLICACIÓN, DISTRIBUCIÓN, ETC.
Lugar de publicación, distribución, etc. Nueva York
Nombre del editor, distribuidor, etc. American Museum of Natural History
Fecha de publicación, distribución, etc. 1943
300 ## - DESCRIPCIÓN FÍSICA
Extensión 27 p.
Otras características físicas il., mapas
Dimensiones 221 cm.
440 #0 - MENCIÓN DE SERIE/PUNTO DE ACCESO ADICIONAL--TÍTULO
Título Handboook series.
Número de parte o sección de la obra no. 3
9 (RLIN) 24262
500 ## - NOTA GENERAL
Nota general Au605
500 ## - NOTA GENERAL
Nota general Bibliografía: p. 255-258.
650 14 - PUNTO DE ACCESO ADICIONAL DE MATERIA--TÉRMINO DE MATERIA
Término de materia o nombre geográfico como elemento de entrada Indígenas de México
Subdivisión general Antigüedades
9 (RLIN) 509
650 14 - PUNTO DE ACCESO ADICIONAL DE MATERIA--TÉRMINO DE MATERIA
Término de materia o nombre geográfico como elemento de entrada Indígenas de América Central
Subdivisión general Antigüedades
9 (RLIN) 23850
651 #4 - PUNTO DE ACCESO ADICIONAL DE MATERIA--NOMBRE GEOGRÁFICO
Nombre geográfico México
Subdivisión general Antigüedades
9 (RLIN) 2765
651 #4 - PUNTO DE ACCESO ADICIONAL DE MATERIA--NOMBRE GEOGRÁFICO
Nombre geográfico América Central
Subdivisión general Antigüedades
9 (RLIN) 23855
902 ## - CATALOGADOR
Iniciales GRL
942 ## - ELEMENTOS DE PUNTO DE ACCESO ADICIONAL (KOHA)
Fuente del sistema de clasificación o colocación Library of Congress Classification
Tipo de ítem Koha Libros
Holdings
Estado de retiro Estado de pérdida Estado dañado No para préstamo Localización permanente Ubicación/localización actual Fecha de adquisición Número de inventario Total de préstamos Signatura topográfica completa Código de barras Fecha visto por última vez Precio válido a partir de Tipo de ítem Koha
El ejemplar forma parte de la colección y puede ser consultado según las políticas vigentes.       Biblioteca Centro de Estudios Ruth D. Lechuga Biblioteca Centro de Estudios Ruth D. Lechuga 02/09/2013 Au605   F1219 .S65 1943 (Au605) GRL00603 22/03/2019 22/03/2019 Libros